Nouns that Begin with A - Click Quiz - Statistics

General Stats
  • This quiz has been taken 29 times
  • The average score is 10 of 15
Answer Stats
Hint Answer % Correct
Selflessness Altruism
92%
Trap Ambush
88%
Clothing Apparel
88%
Hostility Animosity
80%
Proverb Adage
76%
Pride Arrogance
76%
Insult Affront
72%
Illness Ailment
72%
Decay Atrophy
72%
Disorder Anarchy
68%
Chasm Abyss
64%
Debt (in) Arrears
52%
Willingness Alacrity
48%
Benefit (to no) Avail
36%
Enthusiasm (with) Abandon
36%
No matching quizzes found
Score Distribution
Percent of People with Each Score
Percentile by Number Answered
Your Score History
You have not taken this quiz